000 00238nam a2200109Ia 4500
008 190216s9999||||xx |||||||||||||| ||und||
100 _aAuren Uris
245 0 _aMastery Of Management
260 _bNull
_c1968
300 _a265p
942 _cBK
999 _c4606
_d4606